[Event "Colombo Katubedda op"]
[Site "Colombo"]
[Date "2023.06.30"]
[Round "3"]
[White "Sanuda, Rehan"]
[Black "Sivathanujan, S."]
[Result "0-1"]
[WhiteElo "1340"]
[BlackElo "1829"]
[PlyCount "38"]
[EventDate "2023.06.29"]
[EventType "swiss"]
[EventRounds "9"]
[EventCountry "SRI"]
[SourceTitle "EXT 2024"]
[Source "ChessBase"]
[SourceDate "2023.10.10"]
[SourceVersion "1"]
[SourceVersionDate "2023.10.10"]
[SourceQuality "1"]

1. e4 c5 2. Nf3 e6 3. b3 a6 4. Bb2 d5 5. exd5 exd5 6. d4 Nf6 7. a3 Nc6 8. Bd3 cxd4 9. 0-0 Bc5 10. Re1+ Be6 11. Bf5 0-0 12. Bxe6 fxe6 13. Bxd4 Nxd4 14. Nxd4 Ne4 15. f3 Qf6 16. fxe4 Bxd4+ 17. Kh1 Bxa1 18. exd5 exd5 19. Qxd5+ Qf7 0-1

[Event "SRI-chB"]
[Site "Mount Lavinia"]
[Date "2022.03.16"]
[Round "1"]
[White "Sanuda, Rehan"]
[Black "Abewardhana, AABDP"]
[Result "1/2-1/2"]
[WhiteElo "1322"]
[BlackElo "1881"]
[PlyCount "60"]
[EventDate "2022.03.16"]
[EventType "swiss"]
[EventRounds "10"]
[EventCountry "SRI"]
[SourceTitle "EXT 2023"]
[Source "ChessBase"]
[SourceDate "2022.10.05"]
[SourceVersion "1"]
[SourceVersionDate "2022.10.05"]
[SourceQuality "1"]

1. d4 f5 2. Bf4 Nf6 3. Nf3 b6 4. e3 Bb7 5. Nbd2 e6 6. Bd3 Nc6 7. c3 Ne7 8. Qe2 Ned5 9. Bg5 h6 10. Bxf6 Qxf6 11. a3 c5 12. Ne5 0-0-0 13. Bb5 Nc7 14. Ndf3 g5 15. 0-0-0 Nxb5 16. Qxb5 Rh7 17. a4 Kc7 18. Rd2 g4 19. Ne1 d6 20. Nc4 d5 21. Ne5 c4 22. a5 Rd6 23. a6 Bc6 24. Nxc6 Rxc6 25. Nc2 h5 26. Rdd1 Qf7 27. Kd2 Qd7 28. Nb4 Bxb4 29. Qxb4 Qe7 30. Qxe7+ Rxe7 1/2-1/2